000 00507nam a22001697a 4500
005 20251108171109.0
008 250721s1983 xx 000 0 ara d
082 1 4 _a214.2/جوز
100 1 _aإبن الجوزي، أبو الفرج عبد الرحمن
245 1 0 _aتلبيس إبليس /
264 1 _aبيروت :
_bدار الكتب العلمية،
_c1983.
300 _a459ص.
650 1 7 _aأصول الدين الإسلامي
650 1 7 _aالنبوة
942 _2ddc
_cBK
999 _c56534
_d56534